LEADER 02253nam 2200325 450 001 9910719755103321 005 20230628154545.0 035 $a(CKB)4100000011988764 035 $a(NjHacI)994100000011988764 035 $a(EXLCZ)994100000011988764 100 $a20230628d2021 uy 0 101 0 $aita 135 $aur||||||||||| 181 $ctxt$2rdacontent 182 $cc$2rdamedia 183 $acr$2rdacarrier 200 10$aCommercio librario a Bologna tra XV e XVI secolo /$fRita De Tata 210 1$aMilan, Italy :$cFranco Angeli,$d2021. 215 $a1 online resource (290 pages) 311 $a88-351-1448-9 330 $aFifteenth-century Bologna is one of the major Italian cities, home to a prestigious university and thriving industrial and economic center; in these conditions, ideal for the development of the early typographic art, the market of the manuscript book, with its world of copyists, illuminators, bookbinders, stationaries, soon adapts to the new way of production, fostering between XV and XVI century the emergence of some great families of booksellers-printers-publishers. Since the first decades of the sixteenth century, however, an overwhelming foreign book production is increasingly present on bolognese market: important printers like Vincenzo Valgrisi and Gabriele Giolito establish branches in the city, while in the law book sector the Lyonese publishing industry of Giunti is gaining momentum. The situation changes again in the second half of the century, when the market is remodeled following the conditioning by the ecclesiastical authorities and it extends to social strata previously excluded from cultural consumption. The work, which is based on a detailed investigation of the documentary sources, reconstructs for the first time a social history of the Bolognese book trade, both outlining the events of families and shops operating in the city, and opening the look at the relationships with the large foreign firms. 607 $aItaly$xHistory 676 $a945 700 $aDe Tata$b Rita$01068993 801 0$bNjHacI 801 1$bNjHacl 906 $aBOOK 912 $a9910719755103321 996 $aCommercio librario a Bologna tra XV e XVI secolo$93394458 997 $aUNINA